लोड हो रहा है...

Kazhuthappulikalude Chiri (M)

ग्रंथसूची विवरण
मुख्य लेखक: Abraham, Vinu
स्वरूप: Printed Book
भाषा:Undetermined
प्रकाशित: Kottayam : DC Books, 2008
विषय:
LEADER 00476nam a2200145Ia 4500
008 200324s9999 xx 000 0 und d
082 |a 8M3.01  |b ABR-K 
100 |a Abraham, Vinu 
245 0 |a Kazhuthappulikalude Chiri (M) 
260 |a Kottayam :  |b DC Books,  |c 2008 
300 |a 91p. 
650 |a Malayalam Stories 
942 |c BK 
999 |c 280939  |d 280939 
952 |0 0  |1 0  |4 0  |6 8M3_01_000000000000000_ABRK  |7 0  |9 299485  |a SDE  |b SDE  |d 2009-07-15  |l 0  |o 8M3.01 ABR-K  |p SDE16606  |r 2020-03-27  |w 2020-03-27  |y BK